00411nam a2200145 a 45000010005000000030009000050080041000140400028000550820018000831000054001012450022001552600057001773000012002346500019002466996CO-ViMGA141112s2004 ck r 000 u spa d aCO-ViMGAbspacCO-ViMGA04a343.04 C656cf1 aColombia. Contraloría General de la República10aEl control fiscal aSantafé de Bogotá : bLa Contraloría, c(1993) a(150 p)14aDERECHO FISCAL